000 01864nam0a22002891 4500
001 rc\3327766
005 20260407041647.0
021 _aRU
_b[70-56594]
035 _a(NLR Aleph) 007511759
090 _a7697905
_c7697905
100 _a20130115d1970 |||y0rusy50 ca
101 0 _arus
102 _aRU
105 _aa z |||||
200 1 _aИсследование прочностных и деформационных свойств горных пород при статических многократных и динамических пульсирующих нагрузках
_eКраткий науч. отчет
_fНауч. руководитель проф., д-р техн. наук Э.О. Миндели
_gОтв. исполнитель канд. техн. наук М.П. Мохначев
_gМ-во угольной пром-сти СССР. АН СССР. Ин-т горного дела им. А.А. Скочинского. Лаборатория исследования физ.-механ. свойств горных пород и резания угля
210 _aМосква
_cБ. и.
_d1970
215 _a33 с.
_cчерт.
_d21
320 _aБиблиогр.: с. 31-32 (23 назв.)
606 _aГорные породы
_xФизико-механические свойства
_xИсследование
_2psbo
702 1 _aМохначев
_bМ.П.
_4570
702 1 _aМиндели
_bЭ.О.
_gЭлизбар Онисимович
_4570
712 0 2 _aИнститут горного дела им. А.А.Скочинского
_cМосква
_bЛаборатория исследования физико-мех. свойств горных пород и резания углей
_3RU\NLR\AUTH\8810013803
_9525502
801 0 _aRU
_bNLR
_gpsbo
801 1 _aRU
_bELAR
_2rusmarc
852 _aNLR
_j70-4/17061
942 _cBOOK
980 _aNB